Antología
Gardado en:
| Autor Principal: | |
|---|---|
| Formato: | Libro |
| Idioma: | Lingua castelá |
| Publicado: |
Montevideo
Ministerio de Cultura
1967
|
| Series: | Biblioteca Artigas. Colección de Clásicos Uruguayos, 123
|
| Subjects: | |
| Tags: |
Engadir etiqueta
Sen Etiquetas, Sexa o primeiro en etiquetar este rexistro!
|
MARC
| LEADER | 00000nam a2200000 a 4500 | ||
|---|---|---|---|
| 001 | UCZ7857 | ||
| 003 | CL-VaPUC | ||
| 008 | 960112e19670000UY |||||||||||||||||spa|d | ||
| 082 | 0 | 4 | |a Ur861 |b IBA |2 21 |
| 100 | |a Ibarbourou, Juana de |e author |9 858012 | ||
| 245 | 1 | 0 | |a Antología |
| 300 | |a 150 p | ||
| 942 | |c BK | ||
| 945 | |d 19960112 00:00:00 |a rleighto | ||
| 260 | |a Montevideo |b Ministerio de Cultura |c 1967 | ||
| 650 | 0 | |a Poesías uruguayas |9 268420 | |
| 583 | |a last modification |c 19960112 00:00:00 |k Rodrigo Vera | ||
| 490 | 0 | |a Biblioteca Artigas. Colección de Clásicos Uruguayos, 123 | |
| 999 | |c 243850 |d 243848 | ||
| 952 | |0 0 |1 0 |4 0 |6 UR_861_000000000000000_IBA_1967 |7 0 |8 A |9 257680 |a BIBEDU |b BIBEDU |d 2019-11-19 |i 3169537 |o Ur861 IBA 1967 |p 3169537 |r 2019-11-19 |w 2019-11-19 |y BK |k LIT | ||